[Event "GER-chT U20"]
[Site "Kiel"]
[Date "2022.07.26"]
[Round "7.1"]
[White "Biermann, Florian"]
[Black "Kracht, Raphael"]
[Result "1/2-1/2"]
[WhiteElo "2100"]
[BlackElo "2045"]
[PlyCount "78"]
[EventDate "2022.07.22"]
[EventType "team-swiss"]
[EventRounds "7"]
[EventCountry "GER"]
[SourceTitle "CBM 209 Extra"]
[Source "ChessBase"]
[SourceDate "2022.09.30"]
[SourceVersion "1"]
[SourceVersionDate "2022.09.30"]
[SourceQuality "1"]
[WhiteTeam "Bochum"]
[BlackTeam "Brackel"]
[WhiteTeamCountry "GER"]
[BlackTeamCountry "GER"]

1. Nf3 d5 2. g3 Nf6 3. Bg2 e6 4. 0-0 Be7 5. b3 0-0 6. Bb2 c5 7. d3 Nc6 8. Nbd2 b5 9. c4 bxc4 10. dxc4 Rb8 11. cxd5 exd5 12. Ne5 Bb7 13. Nxc6 Bxc6 14. Rc1 Qb6 15. Qc2 d4 16. Bxc6 Qxc6 17. Bxd4 Nd7 18. Be3 Rfe8 19. Qf5 g6 20. Qf3 Qa6 21. Rc2 Ne5 22. Qd5 Bf8 23. Nc4 Rbd8 24. Qg2 Nc6 25. a3 Qb5 26. Rfc1 Nd4 27. Bxd4 cxd4 28. b4 d3 29. exd3 Rxd3 30. Qf1 Qd5 31. Ne3 Rdxe3 32. fxe3 Bh6 33. Re2 Bxe3+ 34. Rxe3 Qd4 35. Qd3 Qxe3+ 36. Qxe3 Rxe3 37. a4 Rb3 38. Rc8+ Kg7 39. Ra8 Rxb4 1/2-1/2

[Event "GER-chT U20"]
[Site "Willingen"]
[Date "2021.06.26"]
[Round "6"]
[White "Biermann, Florian"]
[Black "Suvorov, Luca"]
[Result "1/2-1/2"]
[WhiteElo "2104"]
[BlackElo "2279"]
[PlyCount "45"]
[EventDate "2021.06.24"]
[EventType "team-swiss"]
[EventRounds "7"]
[EventCountry "GER"]
[SourceTitle "CBM 203 Extra"]
[Source "ChessBase"]
[SourceDate "2021.09.30"]
[SourceVersion "1"]
[SourceVersionDate "2021.09.30"]
[SourceQuality "1"]
[WhiteTeam "Bochum"]
[BlackTeam "Porz SG"]
[WhiteTeamCountry "GER"]
[BlackTeamCountry "GER"]

1. Nf3 Nf6 2. g3 e6 3. Bg2 d5 4. 0-0 c5 5. d3 Nc6 6. Nbd2 Be7 7. e4 0-0 8. Re1 b5 9. e5 Nd7 10. Nf1 a5 11. h4 Ba6 12. N1h2 Qc7 13. Bf4 Rfc8 14. Ng4 Bf8 15. Bh3 b4 16. Ng5 Nd8 17. Nf6+ gxf6 18. exf6 Qc6 19. Nxh7 Kxh7 20. Qh5+ Kg8 21. Qg5+ Kh7 22. Qh5+ Kg8 23. Qg5+ 1/2-1/2

[Event "Oberliga NRW 1920"]
[Site "Germany"]
[Date "2020.02.16"]
[Round "6.8"]
[White "Jansen, Dirk Norbert"]
[Black "Biermann, Florian"]
[Result "1-0"]
[WhiteElo "2114"]
[BlackElo "2039"]
[PlyCount "69"]
[EventDate "2019.09.15"]
[EventType "team-tourn"]
[EventRounds "9"]
[EventCountry "GER"]
[SourceTitle "EXT 2022"]
[Source "ChessBase"]
[SourceDate "2021.10.06"]
[SourceVersion "1"]
[SourceVersionDate "2021.10.06"]
[SourceQuality "1"]
[WhiteTeam "Plettenberg"]
[BlackTeam "Bochum SG"]
[WhiteTeamCountry "GER"]
[BlackTeamCountry "GER"]

1. e4 c5 2. Nf3 e6 3. d4 cxd4 4. Nxd4 Nc6 5. Nc3 Qc7 6. g3 a6 7. Bg2 Nge7 8. Nb3 Ne5 9. 0-0 N7c6 10. f4 Nc4 11. Qe2 b5 12. a4 Bb7 13. Kh1 Qb6 14. axb5 axb5 15. Rxa8+ Bxa8 16. e5 Be7 17. Rd1 0-0 18. Rxd7 Rd8 19. Rxd8+ Bxd8 20. Be4 f5 21. exf6 Bxf6 22. Bd5 Nd4 23. Nxd4 Bxd5+ 24. Nxd5 Qxd4 25. Qxe6+ Kf8 26. Qc8+ Kf7 27. Qd7+ Kf8 28. Nxf6 Qxf6 29. Qxb5 Qe6 30. Qc5+ Kf7 31. b3 Qe4+ 32. Kg1 Qe1+ 33. Kg2 Qe2+ 34. Kh3 Nd6 35. Qd5+ 1-0

[Event "Dortmund Sparkassen op 47th"]
[Site "Dortmund"]
[Date "2019.07.17"]
[Round "5"]
[White "Biermann, Florian"]
[Black "Atali, Dodukan"]
[Result "1-0"]
[WhiteElo "2016"]
[BlackElo "1734"]
[PlyCount "71"]
[EventDate "2019.07.13"]
[EventType "swiss"]
[EventRounds "9"]
[EventCountry "GER"]
[SourceTitle "EXT 2020"]
[Source "ChessBase"]
[SourceDate "2019.10.17"]
[SourceVersion "1"]
[SourceVersionDate "2019.10.17"]
[SourceQuality "1"]

1. e4 e6 2. d3 d5 3. Nd2 Nf6 4. Ngf3 c5 5. g3 b6 6. Bg2 Bb7 7. 0-0 Be7 8. e5 Nfd7 9. Re1 0-0 10. h4 Qc7 11. Nf1 Nc6 12. Bf4 Nd4 13. N1h2 Nxf3+ 14. Qxf3 Rab8 15. Qh5 Rfe8 16. Ng4 Bf8 17. Bh3 g6 18. Qg5 Qd8 19. Nf6+ Nxf6 20. exf6 Rc8 21. Bg2 c4 22. d4 Qd7 23. Be5 Red8 24. h5 h6 25. Qg4 Kh7 26. c3 Rc6 27. f4 Bd6 28. hxg6+ fxg6 29. Re3 Bxe5 30. fxe5 Qf7 31. Kf2 h5 32. Qg5 Kg8 33. g4 hxg4 34. Rh1 Rd7 35. Qxg4 Rcc7 36. Reh3 1-0

[Event "GER-ch U16"]
[Site "Willingen"]
[Date "2019.06.14"]
[Round "8"]
[White "Biermann, Florian"]
[Black "Gutkin, Ilya"]
[Result "0-1"]
[WhiteElo "2028"]
[BlackElo "2041"]
[PlyCount "74"]
[EventDate "2019.06.08"]
[EventType "swiss"]
[EventRounds "9"]
[EventCountry "GER"]
[SourceTitle "CBM 191 Extra"]
[Source "ChessBase"]
[SourceDate "2019.09.30"]
[SourceVersion "1"]
[SourceVersionDate "2019.09.30"]
[SourceQuality "1"]

1. Nf3 b6 2. g3 Bb7 3. Bg2 g6 4. c4 c5 5. Nc3 Bg7 6. 0-0 Nf6 7. d4 cxd4 8. Qxd4 0-0 9. Qd3 d6 10. Bg5 Nbd7 11. Rac1 Rc8 12. Rfd1 Bxf3 13. exf3 Ne5 14. Qe2 Nxc4 15. Bxf6 Bxf6 16. Nd5 Ne5 17. Rxc8 Qxc8 18. f4 Qc4 19. Qxc4 Nxc4 20. Nxf6+ exf6 21. b3 Na3 22. Rxd6 Rc8 23. Bd5 Rc7 24. Rxf6 Rd7 25. Be4 Rd4 26. Bf3 Rd2 27. Kg2 Nb5 28. g4 Nd6 29. h4 Kf8 30. h5 Ke7 31. g5 Rxa2 32. h6 Rc2 33. Bd5 a5 34. Bc4 Rxc4 35. bxc4 a4 36. f5 gxf5 37. g6 fxg6 0-1

[Event "Ruhrgebiet Regionalliga 1819"]
[Site "Nordrheinwestfalen"]
[Date "2019.05.19"]
[Round "10.5"]
[White "Gitschel, Ralf"]
[Black "Biermann, Florian"]
[Result "1/2-1/2"]
[WhiteElo "1878"]
[BlackElo "2045"]
[PlyCount "22"]
[EventDate "2018.09.02"]
[EventType "team-tourn"]
[EventRounds "11"]
[EventCountry "GER"]
[SourceTitle "EXT 2022"]
[Source "ChessBase"]
[SourceDate "2021.10.06"]
[SourceVersion "1"]
[SourceVersionDate "2021.10.06"]
[SourceQuality "1"]
[WhiteTeam "Eichlinghofen SV"]
[BlackTeam "Bochum SG II"]
[WhiteTeamCountry "GER"]
[BlackTeamCountry "GER"]

1. e4 c5 2. Nf3 d6 3. d4 cxd4 4. Nxd4 Nf6 5. Nc3 a6 6. Bg5 Nbd7 7. Bc4 b5 8. Nd5 Bb7 9. Bxf6 Nxf6 10. Nxf6+ exf6 11. Bd5 Qb6 1/2-1/2

[Event "Ruhrgebiet Regionalliga 1819"]
[Site "Nordrheinwestfalen"]
[Date "2019.04.07"]
[Round "9.6"]
[White "Gorainow, Nikita"]
[Black "Biermann, Florian"]
[Result "1-0"]
[WhiteElo "1946"]
[BlackElo "2010"]
[PlyCount "71"]
[EventDate "2018.09.02"]
[EventType "team-tourn"]
[EventRounds "11"]
[EventCountry "GER"]
[SourceTitle "EXT 2022"]
[Source "ChessBase"]
[SourceDate "2021.10.06"]
[SourceVersion "1"]
[SourceVersionDate "2021.10.06"]
[SourceQuality "1"]
[WhiteTeam "Essen Katernberg II"]
[BlackTeam "Bochum SG II"]
[WhiteTeamCountry "GER"]
[BlackTeamCountry "GER"]

1. e4 c5 2. Nf3 d6 3. d4 cxd4 4. Nxd4 Nf6 5. Nc3 a6 6. g3 e5 7. Nde2 Nbd7 8. a4 b6 9. Bg2 Bb7 10. 0-0 Rc8 11. Be3 Be7 12. f3 Nc5 13. Qd2 h5 14. Rad1 Qd7 15. b3 h4 16. gxh4 Qc7 17. Ng3 g6 18. Nd5 Bxd5 19. exd5 Nh5 20. f4 exf4 21. Bxf4 Nd7 22. Nxh5 Rxh5 23. Rde1 Ne5 24. c4 Bf6 25. Bg5 Bxg5 26. hxg5 Qc5+ 27. Kh1 Rc7 28. Qf4 Re7 29. Qf6 Rh4 30. Qg7 Kd7 31. Rf6 Qd4 32. Qf8 Rxh2+ 33. Kxh2 Qh4+ 34. Bh3+ Ng4+ 35. Kg2 Qxe1 36. Bxg4+ 1-0

[Event "GER-chT U16"]
[Site "Aurich"]
[Date "2018.12.28"]
[Round "3.3"]
[White "Biermann, Florian"]
[Black "Engel, Robert"]
[Result "1/2-1/2"]
[WhiteElo "2054"]
[BlackElo "2071"]
[PlyCount "137"]
[EventDate "2018.12.27"]
[EventType "team-swiss"]
[EventRounds "7"]
[EventCountry "GER"]
[SourceTitle "CBM 188 Extra"]
[Source "ChessBase"]
[SourceDate "2019.02.26"]
[SourceVersion "1"]
[SourceVersionDate "2019.02.26"]
[SourceQuality "1"]
[WhiteTeam "Bochum SG"]
[BlackTeam "Hamburger SK"]
[WhiteTeamCountry "GER"]
[BlackTeamCountry "GER"]

1. c4 e5 2. g3 Nf6 3. Bg2 c6 4. d4 exd4 5. Qxd4 d5 6. cxd5 cxd5 7. Nf3 Nc6 8. Qa4 Bc5 9. 0-0 0-0 10. Nc3 h6 11. Bf4 Be6 12. Rad1 Qb6 13. Qc2 Qa6 14. a3 Rac8 15. Ne5 Rfd8 16. Nxc6 bxc6 17. Be5 Be7 18. e4 Qc4 19. Rd4 Qc5 20. b4 Qb6 21. exd5 cxd5 22. Qd2 Nd7 23. Bf4 Bf6 24. Rd3 d4 25. Ne4 Bc4 26. Nd6 Bxd3 27. Nxc8 Rxc8 28. Qxd3 Rc3 29. Qf5 Qe6 30. Bh3 Qxf5 31. Bxf5 Nb6 32. a4 g5 33. Bd6 Nc4 34. Bc5 d3 35. Re1 Ne5 36. Rd1 d2 37. Be3 Rc1 38. Rxc1 dxc1Q+ 39. Bxc1 Nc6 40. Be3 Bd4 41. Bxd4 Nxd4 42. Be4 Kg7 43. g4 Kf6 44. f3 Ke5 45. Kf2 Kf4 46. b5 Nb3 47. Bd5 Nc5 48. a5 f5 49. h3 fxg4 50. hxg4 Ke5 51. Be4 Kd4 52. Bc6 Nd3+ 53. Kg3 Kc5 54. Be8 Kd6 55. Bg6 Ne5 56. Be4 Kc5 57. f4 Nd7 58. Bc6 Nf6 59. f5 a6 60. Bf3 axb5 61. Kf2 b4 62. Ke3 Kb5 63. Kd4 b3 64. Kc3 Kxa5 65. Kxb3 Kb5 66. Kc3 Kc5 67. Kd3 Kd6 68. Kd4 Nd7 69. Bd1 1/2-1/2

[Event "GER-chT U16"]
[Site "Aurich"]
[Date "2018.12.28"]
[Round "4.3"]
[White "Henning, Marvin"]
[Black "Biermann, Florian"]
[Result "0-1"]
[WhiteElo "1988"]
[BlackElo "2054"]
[PlyCount "114"]
[EventDate "2018.12.27"]
[EventType "team-swiss"]
[EventRounds "7"]
[EventCountry "GER"]
[SourceTitle "CBM 188 Extra"]
[Source "ChessBase"]
[SourceDate "2019.02.26"]
[SourceVersion "1"]
[SourceVersionDate "2019.02.26"]
[SourceQuality "1"]
[WhiteTeam "Halle Reideburger"]
[BlackTeam "Bochum SG"]
[WhiteTeamCountry "GER"]
[BlackTeamCountry "GER"]

1. e4 c5 2. Nc3 Nc6 3. f4 g6 4. Nf3 Bg7 5. Bb5 Nd4 6. a4 a6 7. Bc4 e6 8. 0-0 Ne7 9. e5 d5 10. exd6 Nef5 11. Ne4 Nxd6 12. Nxd6+ Qxd6 13. c3 Nc6 14. d3 0-0 15. Qe2 Rb8 16. Be3 b5 17. axb5 axb5 18. Ba2 b4 19. Nd2 bxc3 20. bxc3 Ba6 21. Bc4 Bxc4 22. Nxc4 Qd5 23. Qc2 Rfd8 24. Rfd1 Qf5 25. g3 h5 26. Rd2 Rb5 27. Ra6 Qd5 28. Rd1 Rdb8 29. Ra3 Ne7 30. Bc1 h4 31. Qg2 hxg3 32. hxg3 Rb1 33. Ne3 Qd7 34. Qa2 Qc6 35. Qg2 Qb5 36. Qc2 Nf5 37. Nf1 c4 38. d4 Qd5 39. Qg2 Qxg2+ 40. Kxg2 R8b3 41. Ra8+ Kh7 42. g4 Nh4+ 43. Kg3 Rxc3+ 44. Kxh4 Rbxc1 45. Rxc1 Rxc1 46. Nd2 Bxd4 47. Rc8 c3 48. Nb3 Rh1+ 49. Kg3 Bg7 50. Kf3 c2 51. Ke2 Rb1 52. Rxc2 Rxb3 53. Rc7 Kg8 54. Kf2 Bd4+ 55. Kg2 Kg7 56. Rd7 Be3 57. Kf3 Bc1+ 0-1

[Event "Oberliga NRW 1819"]
[Site "Germany"]
[Date "2018.12.09"]
[Round "4.8"]
[White "Biermann, Florian"]
[Black "Yilmaz, Ahmet1111"]
[Result "1/2-1/2"]
[WhiteElo "2041"]
[BlackElo "1899"]
[PlyCount "81"]
[EventDate "2018.09.16"]
[EventType "team-tourn"]
[EventRounds "9"]
[EventCountry "GER"]
[SourceTitle "EXT 2020"]
[Source "ChessBase"]
[SourceDate "2019.10.17"]
[SourceVersion "1"]
[SourceVersionDate "2019.10.17"]
[SourceQuality "1"]
[WhiteTeam "Bochum SG"]
[BlackTeam "Gerresheim"]
[WhiteTeamCountry "GER"]
[BlackTeamCountry "GER"]

1. c4 d5 2. cxd5 c6 3. dxc6 Nxc6 4. Nc3 e5 5. e3 Nf6 6. a3 Be7 7. Qc2 0-0 8. Nf3 h6 9. Be2 Be6 10. 0-0 Qd7 11. d4 exd4 12. Rd1 Bf5 13. Qa4 a6 14. Nxd4 b5 15. Nxc6 Qxc6 16. Qf4 Qe6 17. Bd2 Rfd8 18. Bf3 g5 19. Qc7 Rac8 20. Qb7 Bc2 21. e4 Bxd1 22. Rxd1 Bc5 23. Nd5 Nxd5 24. exd5 Qb6 25. Qxb6 Bxb6 26. h4 Rc2 27. hxg5 hxg5 28. Bxg5 Bxf2+ 29. Kf1 Rd6 30. Rd2 Rxd2 31. Bxd2 Bd4 32. Bb4 Rh6 33. d6 Bxb2 34. Bb7 Be5 35. Bxa6 Bxd6 36. Bxd6 Rxd6 37. Bxb5 Rd2 38. a4 Ra2 39. Kg1 Kg7 40. Kh2 Ra3 41. Be8 1/2-1/2

[Event "Hoogeveen op 22nd"]
[Site "Hoogeveen"]
[Date "2018.10.24"]
[Round "6"]
[White "Van der Hagen, Loek"]
[Black "Biermann, Florian"]
[Result "1-0"]
[WhiteElo "1820"]
[BlackElo "2024"]
[PlyCount "97"]
[EventDate "2018.10.20"]
[EventType "swiss"]
[EventRounds "9"]
[EventCountry "NED"]
[SourceTitle "CBM 187 Extra"]
[Source "ChessBase"]
[SourceDate "2018.11.04"]
[SourceVersion "1"]
[SourceVersionDate "2018.11.04"]
[SourceQuality "1"]

1. e4 c5 2. Nf3 d6 3. d4 cxd4 4. Nxd4 Nf6 5. Nc3 a6 6. Bg5 e6 7. f4 h6 8. Bh4 Be7 9. Qf3 Nbd7 10. 0-0-0 Qc7 11. Bd3 g5 12. fxg5 Ne5 13. Qe2 Nfg4 14. h3 hxg5 15. Bg3 Nf6 16. Nf3 Nh5 17. Bh2 Bd7 18. Nxe5 dxe5 19. Qf2 Nf4 20. Rhf1 f6 21. Kb1 Rc8 22. Ne2 Ba4 23. Rc1 Qa5 24. Nxf4 gxf4 25. g3 Bc5 26. Qe2 Rc6 27. Bc4 Rb6 28. Bb3 Bb5 29. Qg4 Rf8 30. Qg6+ Ke7 31. Rh1 Bc4 32. gxf4 Bd4 33. fxe5 fxe5 34. Qg7+ Rf7 35. Qg5+ Kd7 36. Rhd1 Bxb3 37. Rxd4+ Bd5 38. Rxd5+ exd5 39. Qxe5 Re6 40. Qb8 Qd8 41. exd5 Rb6 42. Qe5 Rbf6 43. a3 Qb6 44. Re1 Qd8 45. Qd4 Qb6 46. Qe4 Qd8 47. d6 Kc8 48. Qc4+ Kd7 49. Qa4+ 1-0

[Event "Ruhrgebiet Regionalliga 1819"]
[Site "Nordrheinwestfalen"]
[Date "2018.09.02"]
[Round "1.5"]
[White "Limbourg, Philipp"]
[Black "Biermann, Florian"]
[Result "1-0"]
[WhiteElo "2176"]
[BlackElo "2047"]
[PlyCount "119"]
[EventDate "2018.09.02"]
[EventType "team-tourn"]
[EventRounds "11"]
[EventCountry "GER"]
[SourceTitle "EXT 2022"]
[Source "ChessBase"]
[SourceDate "2021.10.06"]
[SourceVersion "1"]
[SourceVersionDate "2021.10.06"]
[SourceQuality "1"]
[WhiteTeam "Muelheim Nord III"]
[BlackTeam "Bochum SG II"]
[WhiteTeamCountry "GER"]
[BlackTeamCountry "GER"]

1. e4 c5 2. Nc3 d6 3. f4 g6 4. Nf3 Bg7 5. Bb5+ Bd7 6. Bc4 Nc6 7. 0-0 e6 8. d3 Nge7 9. Qe1 Nd4 10. Nxd4 cxd4 11. Nd1 b5 12. Bb3 a5 13. f5 Nc6 14. f6 Bxf6 15. Qf2 0-0 16. Qxf6 Qxf6 17. Rxf6 Kg7 18. Rf1 a4 19. Bxa4 Rxa4 20. b3 Ra6 21. Bb2 b4 22. a4 Rc8 23. Ne3 e5 24. Nc4 Na5 25. Rae1 Nxc4 26. dxc4 f5 27. Rf2 Rf8 28. exf5 gxf5 29. c5 Kf6 30. Rfe2 Ra5 31. cxd6 Bc6 32. Bc1 Ke6 33. Bf4 Be4 34. Bd2 Rb8 35. g4 Kxd6 36. gxf5 Bxf5 37. Rf2 Ke6 38. Bf4 Rg8+ 39. Bg3 e4 40. Rd2 Rd5 41. Red1 Bg4 42. Re1 e3 43. a5 Kd7 44. Rxe3 dxe3 45. Rxd5+ Kc6 46. Re5 e2 47. Kg2 Rf8 48. Be1 Rg8 49. Bxb4 Rg7 50. h3 e1N+ 51. Bxe1 Bd1+ 52. Bg3 Bxc2 53. b4 Bd3 54. Rc5+ Kb7 55. b5 Rf7 56. Bf2 Rf5 57. a6+ Kb8 58. Rxf5 Bxf5 59. b6 Bd3 60. Bg3+ 1-0

[Event "Herne UFO op 9th"]
[Site "Herne"]
[Date "2018.06.03"]
[Round "7"]
[White "Biermann, Florian"]
[Black "Levin, Felix"]
[Result "0-1"]
[WhiteElo "2078"]
[BlackElo "2470"]
[PlyCount "82"]
[EventDate "2018.05.30"]
[EventType "swiss"]
[EventRounds "7"]
[EventCountry "GER"]
[SourceTitle "CBM 184 Extra"]
[Source "ChessBase"]
[SourceDate "2018.06.28"]
[SourceVersion "1"]
[SourceVersionDate "2018.06.28"]
[SourceQuality "1"]

1. c4 e6 2. Nf3 d5 3. d4 Nf6 4. g3 dxc4 5. Bg2 Bd7 6. 0-0 Bc6 7. a4 Bd5 8. Nbd2 Nc6 9. Re1 Ne4 10. Nxe4 Bxe4 11. e3 Qd5 12. Bd2 Be7 13. Rc1 Nb4 14. Bxb4 Bxb4 15. Rf1 c5 16. dxc5 Qxc5 17. Qd4 Qxd4 18. Nxd4 Bxg2 19. Kxg2 Rc8 20. Rc2 Ke7 21. Rfc1 c3 22. bxc3 Bc5 23. Rb1 b6 24. a5 bxa5 25. Rb7+ Kf6 26. Rcb2 Bb6 27. Nb5 Rb8 28. Rd7 Rhd8 29. Rbd2 Rxd7 30. Rxd7 Bxe3 31. Nd6 Rb2 32. Rxf7+ Kg6 33. Nc4 Kxf7 34. Nxb2 Bd2 35. c4 Kf6 36. Kf3 Ke5 37. Ke2 Bc3 38. Na4 Bd4 39. Kf3 Bb6 40. c5 Bd8 41. Ke3 Kd5 0-1

[Event "Herne UFO op 9th"]
[Site "Herne"]
[Date "2018.06.02"]
[Round "5"]
[White "Biermann, Florian"]
[Black "Schmidt, Ralph"]
[Result "1-0"]
[WhiteElo "2078"]
[BlackElo "1967"]
[PlyCount "93"]
[EventDate "2018.05.30"]
[EventType "swiss"]
[EventRounds "7"]
[EventCountry "GER"]
[SourceTitle "CBM 184 Extra"]
[Source "ChessBase"]
[SourceDate "2018.06.28"]
[SourceVersion "1"]
[SourceVersionDate "2018.06.28"]
[SourceQuality "1"]

1. g3 Nc6 2. c4 f5 3. Bg2 Nf6 4. Nc3 e6 5. d4 Be7 6. Nh3 Rb8 7. 0-0 0-0 8. b3 b6 9. Bb2 Bb7 10. e3 a6 11. d5 exd5 12. Nxd5 Nb4 13. Nhf4 Nbxd5 14. cxd5 Bd6 15. Rc1 Qe7 16. Nh5 Be5 17. Nxf6+ Rxf6 18. Bxe5 Qxe5 19. Qd3 c6 20. dxc6 dxc6 21. Rfd1 a5 22. Qd7 Bc8 23. Qd8+ Rf8 24. Qd6 Qxd6 25. Rxd6 c5 26. Bf1 Kf7 27. Rcd1 Be6 28. Rc6 Rfc8 29. Rdd6 Rxc6 30. Rxc6 Ke7 31. Rc7+ Kf6 32. Rc6 Ke7 33. Bb5 Rb7 34. Ba6 Rb8 35. Rc7+ Kf6 36. Bc4 Bxc4 37. bxc4 Re8 38. Rc6+ Re6 39. Rxe6+ Kxe6 40. a4 Ke5 41. Kf1 g5 42. f4+ Ke4 43. fxg5 Kd3 44. h4 Kxc4 45. h5 Kd5 46. g6 hxg6 47. h6 1-0